MyGZULibrary

Barbarians at the gate : (Record no. 3569)

MARC details
000 -LEADER
fixed length control field 01349cam a22003494a 4500
001 - CONTROL NUMBER
control field 13040417
003 - CONTROL NUMBER IDENTIFIER
control field GZU
005 - DATE AND TIME OF LATEST TRANSACTION
control field 20201202113146.0
008 - FIXED-LENGTH DATA ELEMENTS--GENERAL INFORMATION
fixed length control field 021223r20031990nyua 001 0 eng
010 ## - LIBRARY OF CONGRESS CONTROL NUMBER
LC control number 2002191927
020 ## - INTERNATIONAL STANDARD BOOK NUMBER
International Standard Book Number 0060536357 (pbk.)
040 ## - CATALOGING SOURCE
Original cataloging agency DLC
Transcribing agency DLC
Modifying agency DLC
042 ## - AUTHENTICATION CODE
Authentication code pcc
043 ## - GEOGRAPHIC AREA CODE
Geographic area code n-us---
050 00 - LIBRARY OF CONGRESS CALL NUMBER
Classification number HD2796.R57
Item number BYR 2003
082 00 - DEWEY DECIMAL CLASSIFICATION NUMBER
Classification number 338.8/3664/00973
Edition number 21
100 1# - MAIN ENTRY--PERSONAL NAME
Personal name Burrough, Bryan,
Dates associated with a name 1961-
245 10 - TITLE STATEMENT
Title Barbarians at the gate :
Remainder of title the fall of RJR Nabisco /
Statement of responsibility, etc. Bryan Burrough and John Helyar.
250 ## - EDITION STATEMENT
Edition statement 1st HarperBusiness Essentials ed.
260 ## - PUBLICATION, DISTRIBUTION, ETC.
Place of publication, distribution, etc. New York :
Name of publisher, distributor, etc. HarperBusiness Essentials,
Date of publication, distribution, etc. 2003.
300 ## - PHYSICAL DESCRIPTION
Extent xxiii, 531 p. :
Other physical details ill. ;
Dimensions 21 cm.
500 ## - GENERAL NOTE
General note Originally published: New York : Harper & Row, c1990.
610 20 - SUBJECT ADDED ENTRY--CORPORATE NAME
Corporate name or jurisdiction name as entry element RJR Nabisco (Firm)
650 #0 - SUBJECT ADDED ENTRY--TOPICAL TERM
Topical term or geographic name entry element Leveraged buyouts
Geographic subdivision United States
Form subdivision Case studies.
650 #0 - SUBJECT ADDED ENTRY--TOPICAL TERM
Topical term or geographic name entry element Consolidation and merger of corporations
Geographic subdivision United States
Form subdivision Case studies.
650 #0 - SUBJECT ADDED ENTRY--TOPICAL TERM
Topical term or geographic name entry element Conglomerate corporations
Geographic subdivision United States
Form subdivision Case studies.
700 1# - ADDED ENTRY--PERSONAL NAME
Personal name Helyar, John,
Dates associated with a name 1951-
856 42 - ELECTRONIC LOCATION AND ACCESS
Materials specified Publisher description
Uniform Resource Identifier <a href="http://www.loc.gov/catdir/description/hc041/2002191927.html">http://www.loc.gov/catdir/description/hc041/2002191927.html</a>
906 ## - LOCAL DATA ELEMENT F, LDF (RLIN)
a 7
b cbc
c orignew
d 1
e ocip
f 20
g y-gencatlg
942 ## - ADDED ENTRY ELEMENTS (KOHA)
Source of classification or shelving scheme Library of Congress Classification
Koha item type Books
Classification part 2796.R57
Item part BYR
Call number prefix HD
Holdings
Withdrawn status Lost status Damaged status Not for loan Collection code Home library Current library Shelving location Date acquired Total Checkouts Full call number Barcode Date last seen Copy number Price effective from Koha item type
        Non-fiction City Campus Library City Campus Library General Stacks 12/02/2020   HD 2796.R57 BYR 1990 004485 12/02/2020 c.1 12/02/2020 Books